| 000 | 03749nab a22007217 4500 | ||
|---|---|---|---|
| 003 | AR-RoUNA | ||
| 022 | _a0327-9022 | ||
| 040 |
_aAR-RoUNA _bspa |
||
| 041 | _aspa | ||
| 044 | _aag | ||
| 245 |
_aSumma+ / _bHoteles - Comercios - Oficinas / Turismo - Diseño Interior - Pieles - Madera Estructural |
||
| 260 |
_aBuenos Aires (Argentina): _cDonn SA, _b1993. |
||
| 300 |
_a128 p. : _bil. byn. _bplanos _c34X25 cm. |
||
| 505 | 0 | _tINDICE | |
| 505 | 0 | _aMartín Di Peco, Gustavo Alonso Serafin y Valeria Matayoshi / Materiales para identidades y espacialidades singulares. p. 1 | |
| 505 | 0 | _tCARTELERA | |
| 505 | 0 | _tPROPILEO DE MADERA | |
| 505 | 0 | _aFernando Diez / En conversación con Gonzalo Claro. p. 8 | |
| 505 | 0 | _aGonzalo Claro Riesco / Edificio Escuela de Arquitectura UC, Santiago de Chile, Chile, 2016. p. 10 | |
| 505 | 0 | _aMartín Di Peco / Pieles que transforman. p. 24 | |
| 505 | 0 | _tNUEVA VISIÓN | |
| 505 | 0 | _aAFT / Plaza Galicia, Leiva 4070, Buenos Aires, Argentina, 2017. p. 28 | |
| 505 | 0 | _tFUNCIONALIDAD EXTERIORIZADA | |
| 505 | 0 | _aManuel Fernández de Luco y Asociados / Edificio COEX - Sanatorio Británico Rosario, 2016. p. 38 | |
| 505 | 0 | _tPIEL ESTRUCTURAL | |
| 505 | 0 | _aTECTUM SRL / Edificio Lavalleja, Provincia de Córdoba, Argentina, 2016. p. 44 | |
| 505 | 0 | _tVIDA EXTERIOR, Gustavo Alonso Serafin | |
| 505 | 0 | _tEN EL MÁS PURO DESIERTO | |
| 505 | 0 | _aEmilio Marín, Juan Carlos López / CID - Centro de Interpretación del desierto, Camino a Ayquina, Región de Antofagasta, Chile, 2015. p. 54 | |
| 505 | 0 | _tMATERIAL TRONCAL | |
| 505 | 0 | _aMorini Arqs. / Club House del Golf - Estancia Pubelo La Paz, Provincia de Córdoba, Argentina, 2015. p. 64 | |
| 505 | 0 | _tCONTIGUO Y PERMEABLE | |
| 505 | 0 | _aPaulo David / Hotel Residence, Funchal, Madeira, Portugal, 2008. p. 66 | |
| 505 | 0 | _tHORADACIONES CARIOCAS | |
| 505 | 0 | _aOppenheim Architecture + Desing y Studio Arthur Casas / Emiliano Hotel, Rio de Janeiro, Brasil, Copacabana, Río de Janeiro, Brasil, 2017. p. 72 | |
| 505 | 0 | _aGustavo Alonso Serafin y Valeria Matayoshi / Lo que importa es lo de adentro. p. 78 | |
| 505 | 0 | _aRamiro Zubeldia / Bbblestudios, Villa Crespo, CABA, Argentina, 2015. p. 80 | |
| 505 | 0 | _tHECHO CON BUEN GUSTO | |
| 505 | 0 | _aOctava arq / Tastemade Español, productora y oficinas, Villa Crespo, CABA, Argentina, 2017. p. 86 | |
| 505 | 0 | _tDISEÑO EDITADO | |
| 505 | 0 | _aIrene Joselevich, Ana Rascovsky / Editor Dorrego, Av. Dorrego 2133, CABA, Argentina, 2015. p. 92 | |
| 505 | 0 | _aFrancisco Pardo + Amezcua / Milán 44 Reurbano, Colonia, Juárez, Ciiudad de México, México, 2016. p. 98 | |
| 505 | 0 | _tCONGUSTO ESPAÑOL | |
| 505 | 0 | _aMasqueespacio / Supermercado Solera, Colonia, Alemania, 2017. p. 104 | |
| 505 | 0 | _aLA AVENIDA PRITZKER, Valeria Matayoshi. p. 110 | |
| 505 | 0 | _tOFICINAS EN EL AIRE, Valeria Mtayoshi. p. 114 | |
| 505 | 0 | _tDESENTRAÑANDO EL LEGADO DE WRIGHT | |
| 505 | 0 | _aGustavo Alonso Serafin / Unpacking The Archive. p. 120 | |
| 505 | 0 | _tUN ÍCONO PARA TANDIL | |
| 505 | 0 | _tPROYECTO Y DESEO, Segunda Edicción. p. 126 | |
| 505 | 0 | _tPARATY EN EL PAPEL, Ignacio Ros de Olano. p. 129 | |
| 505 | 0 | _tSILLA EN LA RAMBLA, SILLA EN LA VEREDA, Mario Sabugo. p. 130 | |
| 505 | 0 | _tESTAR Y DEJAR DE SER | |
| 505 | 0 | _aRoberto Fernández / La droga del desierto. p. 131 | |
| 505 | 0 | _tUN BARRIO, MÁS QUE UN POLO | |
| 505 | 0 | _aMarcelo Corti / Sobre el concurso nacional de ideas urbanas parque de la innovación. p. 132 | |
| 650 | _2Arquitectura conteporánea | ||
| 773 | 0 |
_aSumma+ _dBuenos Aires, Argentina _gNº158 (jul; 2017), p. 132 _x0327-9022 |
|
| 908 | _aImp | ||
| 942 |
_2udc _cART |
||
| 945 | _d2022-07-08 | ||
| 980 |
_6138 _aCarolina Rainero _8138 _gCarolina Rainero |
||
| 999 |
_c12313 _d12313 |
||